| 000 | 02793cam a22003735i 4500 | ||
|---|---|---|---|
| 001 | 12846724 | ||
| 005 | 20250826134554.0 | ||
| 006 | m d | ||
| 007 | cr n | ||
| 008 | 230411s2023 sz | o |||| 0|eng d | ||
| 020 | _a9783031262890 | ||
| 020 | _a9783031262883 | ||
| 020 | _a9783031262906 | ||
| 020 | _a9783031262913 | ||
| 024 | 7 |
_a10.1007/978-3-031-26289-0 _2doi |
|
| 035 | _a(WaSeSS)ssj0002883593 | ||
| 040 |
_dWaSeSS _ctbs |
||
| 041 | _aEnglish | ||
| 050 | 4 | _aHD58.8 | |
| 100 |
_aAalders, Albert Ferdinand. _925768 |
||
| 245 | 1 | 0 |
_aCultivating Organizational Excellence _b: A Practitioner's View _c/ by Albert Ferdinand Aalders. |
| 250 | _aFirst edition | ||
| 264 | 1 |
_aCham : _bSpringer Nature Switzerland : _bImprint: Springer, _c2023. |
|
| 490 | 1 |
_aManagement for Professionals, _x2192-810X |
|
| 505 | 0 | _aThe basics — The dynamics — Measuring (results) — Organization learning — Reward and recognition — Ecosystem leverage — Cultivating excellence. | |
| 506 | _aAccess may be restricted to institutions with a site license. | ||
| 520 | _aThis book offers a comprehensive approach to organizational excellence based on the author's vast experience in managing excellence at highly innovative and dynamic organizations. It integrates various approaches into a consistent view of achieving excellence in the context of dynamic technological and societal developments. Starting from purpose and mission, it describes stakeholder mapping and analysis, and process and quality management. In turn, it sheds light on how to deal with business dynamics of various types and demonstrates how quantum-mechanical models can help to understand and manage dynamic organizational processes. The book then introduces readers to result measuring and performance management, followed by organizational learning and rewards and recognition. Moreover, it discusses (innovation) ecosystem leverage and organizational culture management as further important capabilities of excellent organizations. Best practices in corporate social responsibility and environmental, social and governance aspects are fully integrated throughout the book, which concludes by explaining how the UN Sustainable Development Goals can be applied to optimize business initiatives. The book is intended as a source of inspiration for managers working under highly dynamic organizational conditions, helping them take their businesses to higher levels. It also provides valuable industrial insights for scholars with an interest in organizational excellence. | ||
| 650 | 0 |
_aIndustrial organization _93079 |
|
| 650 | 0 |
_aStrategic planning _93573 |
|
| 650 | 0 |
_aLeadership _92600 |
|
| 650 | 0 |
_aTechnological innovations _94276 |
|
| 650 | 0 |
_aSustainability _95153 |
|
| 942 | _2lcc | ||
| 999 |
_c4867 _d4867 |
||